000 00438nam a2200181Ia 4500
001 12945
005 20260306163017.0
008 260306t2000||||xx |||||||||||||| ||spa||
041 _aESP
082 _aRD 463.1
_bE84
100 _aEspasa Calpe (Ed.)
_eAUT
245 0 _aDiccionario de sinónimos y antónimos
260 _c2000
300 _a1225 páginas :
_c25 cm.
650 _aGEN
654 _aCHU
942 _cDIC
_dJUS
_fJUS
_2ddc
_n
999 _c12945
_d12945